00923cam a22002417a 4500001001000000003000500010005001700015008004100032010001000073011001000083035001000093040000900103111010000112245010500212260013400317300001000451410000900461490005600470650004600526650004400572810000900616830005600625000078582CHAP20220329141926.0980624d1997 cr r 00110 spa d a75817 a76789 a86378 cCHAP00aJornadas Regionales de Modernización de Facultades de Agronomíad(1996 :cAlgarrobo, Chile)10aPonencias y estudios de casos /c/por Instituto Interamericano de Cooperación para la Agricultura. aSan José, C.R. :bInstituto Interamericano de Cooperación para la Agricultura. Centro de Educación y Capacitación,c1997. a75 p.21aIICA1 aSerie de publicaciones misceláneasv; A1 SC-97-0914aEducación agrícolazAmérica Latina.14aEducación superiorxAmérica Latina.00aIICA0 aSerie de publicaciones misceláneasv; A1 SC-97-09